| 000 | 00448nam a2200145Ia 4500 | ||
|---|---|---|---|
| 008 | 231129s1998||||xx |||||||||||||| ||spa|| | ||
| 020 | _a958-04-2984-7 | ||
| 040 | _bspa | ||
| 082 | _a651.5 G643o | ||
| 100 | _aGonzalez de Rios Beatriz | ||
| 245 | 0 | _aOrganizacion de archivos : Administracion de la informacion mejores recursos humanos en la empresa | |
| 260 | _c1998 | ||
| 264 | _aNorma | ||
| 942 |
_2ddc _cBKS |
||
| 999 |
_c22155 _d22155 |
||